Countries that Border China - Statistics

General Stats
  • This quiz has been taken 19 times
  • The average score is 13 of 14
Answer Stats
Countries % Correct
Afghanistan
100%
India
100%
Kazakhstan
100%
Nepal
100%
Pakistan
100%
Russia
100%
Bhutan
94%
Kyrgyzstan
94%
Laos
94%
Mongolia
94%
Myanmar
94%
North Korea
94%
Vietnam
94%
Tajikistan
88%
No matching quizzes found
Score Distribution
Percent of People with Each Score
Percentile by Number Answered
Your Score History
You have not taken this quiz